[Event "Montigny le Bretonneux op 24th"]
[Site "Montigny le Bretonneux"]
[Date "2022.05.29"]
[Round "9"]
[White "Baltzer, Jean Marc"]
[Black "Goron, Adrien"]
[Result "1-0"]
[WhiteElo "1412"]
[BlackElo "1199"]
[PlyCount "49"]
[EventDate "2022.05.26"]
[EventType "swiss"]
[EventRounds "9"]
[EventCountry "FRA"]
[SourceTitle "CBM 208 Extra"]
[Source "ChessBase"]
[SourceDate "2022.07.31"]
[SourceVersion "1"]
[SourceVersionDate "2022.07.31"]
[SourceQuality "1"]

1. c4 e5 2. Nc3 Nc6 3. g3 d6 4. Bg2 Bf5 5. e4 Be6 6. d3 Qd7 7. h3 Nf6 8. Nge2 0-0-0 9. f4 Nb4 10. f5 Bxf5 11. exf5 Qxf5 12. Ne4 Nh5 13. g4 Qg6 14. 0-0 d5 15. gxh5 Qxh5 16. N4g3 Qg6 17. cxd5 Nxd3 18. Be4 Nb4 19. Bxg6 hxg6 20. Kh2 Rxd5 21. Qb3 Rh5 22. Bg5 Rh8 23. Rxf7 c6 24. a3 Nd3 25. Qxb7# 1-0

[Event "Montigny le Bretonneux op 24th"]
[Site "Montigny le Bretonneux"]
[Date "2022.05.26"]
[Round "3"]
[White "Goron, Adrien"]
[Black "Kalouche, Ibrahim Samuel"]
[Result "0-1"]
[WhiteElo "1199"]
[BlackElo "1099"]
[PlyCount "86"]
[EventDate "2022.05.26"]
[EventType "swiss"]
[EventRounds "9"]
[EventCountry "FRA"]
[SourceTitle "CBM 208 Extra"]
[Source "ChessBase"]
[SourceDate "2022.07.31"]
[SourceVersion "1"]
[SourceVersionDate "2022.07.31"]
[SourceQuality "1"]

1. e4 e5 2. Nf3 Nc6 3. Bc4 Bc5 4. 0-0 Nf6 5. Nc3 0-0 6. Na4 Nxe4 7. Bd3 Nxf2 8. Qe1 Nxd3+ 9. Kh1 Nxe1 10. Rxe1 Bb6 11. d3 d5 12. Bg5 f6 13. Bh4 Nd4 14. Nd2 Nxc2 15. Nf3 Nxa1 16. Rxa1 Re8 17. b3 Bd7 18. Nc3 Bd4 19. Rc1 Bxc3 20. Rxc3 e4 21. dxe4 dxe4 22. Nd4 e3 23. Rc1 e2 24. a3 e1Q+ 25. Bxe1 Bg4 26. Bh4 Qxd4 27. Be1 Rxe1+ 28. Rxe1 Qd1 29. Rxd1 Bxd1 30. b4 Re8 31. h4 Re3 32. Kh2 Rxa3 33. g3 Rb3 34. Kh3 Rxb4 35. Kg2 a5 36. Kh3 a4 37. g4 a3 38. h5 a2 39. Kh4 Rxg4+ 40. Kh3 a1Q 41. h6 Qc3+ 42. Kh2 Qg3+ 43. Kh1 Bf3# 0-1

[Event "Montigny le Bretonneux op 24th"]
[Site "Montigny le Bretonneux"]
[Date "2022.05.26"]
[Round "2"]
[White "Lebacq, Gaspar"]
[Black "Goron, Adrien"]
[Result "1-0"]
[WhiteElo "1463"]
[BlackElo "1199"]
[PlyCount "49"]
[EventDate "2022.05.26"]
[EventType "swiss"]
[EventRounds "9"]
[EventCountry "FRA"]
[SourceTitle "CBM 208 Extra"]
[Source "ChessBase"]
[SourceDate "2022.07.31"]
[SourceVersion "1"]
[SourceVersionDate "2022.07.31"]
[SourceQuality "1"]

1. c4 e5 2. Nc3 d6 3. e4 Nc6 4. d3 Nf6 5. Nf3 Bg4 6. Be2 g6 7. 0-0 Nd4 8. Bg5 Qd7 9. Bxf6 Rg8 10. Nxd4 exd4 11. Bxg4 Qc6 12. Bxd4 Bh6 13. Re1 Bg5 14. e5 dxe5 15. Rxe5+ Kf8 16. Rxg5 Re8 17. Nd5 f6 18. Nxf6 Re4 19. Nxh7+ Ke8 20. dxe4 Qxe4 21. Nf6+ Kf8 22. Nxe4 b6 23. Bf6 c5 24. Qd8+ Kf7 25. Qe7# 1-0